Normal view
MARC view
- تحرير: ملكاوي، فتحي حسن ، محمد عبد الكريم أبو سل
Entry Personal Name
001 - CONTROL NUMBER
- control field: 52585
003 - CONTROL NUMBER IDENTIFIER
- control field: JO-AjAnu
005 - DATE AND TIME OF LATEST TRANSACTION
- control field: 20230606082637.0
008 - FIXED-LENGTH DATA ELEMENTS
- fixed length control field: 230606|| aca||aabn | a|a d
040 ## - CATALOGING SOURCE
- Original cataloging agency: JO-AjAnu
- Transcribing agency: JO-AjAnu
100 ## - HEADING--PERSONAL NAME
- Personal name: تحرير: ملكاوي، فتحي حسن ، محمد عبد الكريم أبو سل
670 ## - SOURCE DATA FOUND
- Source citation: Work cat.: (JO-AjAnu)26871: تحرير: ملكاوي، فتحي حسن ، محمد عبد الكريم أبو سل , author, بحوث مؤتمر علوم الشريعة في الجامعات الواقع والطموح عمان/المملكة الاردنية الهاشمية 16-19 ربيع الأول 1415هـ الموافق 23-26 آب 1994م، ج2